007100000a22001690004500090001400000245010200014650002800116650002300144650002500167041001400192700002900206100003100235942001300266773005300279999001700332952019100349 aARb0195510aRevision des connaissances sur les scorpions cavernicoles () ()14aBioespeleología9265514aEscorpiones99274614aBiodiversidad9922040 aFrancés1 aFrancke, Oscar F.9942321 aLourenco, Wilson R.992750 cARTICULO1 tMémoires de Biospéologie3333q3-7d1985g12 c11032d11032 001040718HEMEROTECAaBogotabBogotad2015-02-27eInstituto de Ciencias NaturaleshFuera de circulaciónl0oAR 01955p012327r2015-03-25 00:00:00t1w2015-03-25xDonaciónyARTICULO